000 01702cam a2200529 i 4500
001 33536
003 KOSZ 005
005 20250819095617.0
008 250818s1997 pl a f 000 0 pol
015 _aUWD 2004/3651
020 _a8371870833
035 _a991022328579705066
035 _a(PL-WaBN)b16022907-48omnis_nlop
035 _ab16022907
035 _a(OCoLC)830542899
035 _a(PL)b0000001602290
035 _a(EXLNZ-48OMNIS_NETWORK)9910030916505606
040 _aWA N
_cWA N
_dKOSZ 005/RW
046 _k1997
080 _a658.1/.5
080 _a004.738.5
080 _a(07)
100 1 _aRuszczyk, Zbigniew
_eAutor
245 1 0 _aInternet w biznesie /
_cZbigniew Ruszczyk.
260 _aGdańsk :
_bOśrodek Doradztwa i Doskonalenia Kadr,
_c1997.
300 _a614 stron :
_brysunki, tabele, wykresy ;
_c25 cm.
336 _aTekst
_btxt
_2rdacontent
337 _aBez urządzenia pośredniczącego
_bn
_2rdamedia
338 _aWolumin
_bnc
_2rdacarrier
380 _aKsiążki
380 _aPublikacje dydaktyczne
380 _aPublikacje fachowe
388 1 _a1901-2000
388 1 _a1989-2000
650 7 _aGospodarka
_2DBN
650 7 _aHandel elektroniczny
_2DBN
650 7 _aInternet
_2DBN
650 7 _aZastosowanie i wykorzystanie
_2DBN
655 7 _aPodręcznik
_2DBN
658 _aGospodarka, ekonomia, finanse
658 _aInformatyka i technologie informacyjne
658 _aZarządzanie i marketing
710 2 _aODDK
_4pbl
856 _uhttps://koha.tu.koszalin.pl/cgi-bin/koha/opac-detail.pl?biblionumber=33536
_yKatalog online BPK
942 _2UKD
_cKS
999 _c33536
_d33536